Štátne kúpele Dudince

Zobrazenie: Pohľad na budovu kúpeľov z výšky. Na budove je nápis: "Liečebný ústav - ", zvyšok názvu cloní strom. V popredí sú tri stromy, medzi nimi a budovou je prázdna ulica. Na chodníku pred budovou je lavička, pred ňou kráčajú dve osoby. Ďalšie dve osoby sú vo vchode do budovy. Vpravo...

Full description

Bibliographic Details
Format: Postcard
Language:Slovak
PhysicalDescription:1 pohľadnica čiernobiela 11 x 15 cm
Published: Bratislava Slovenské vydavateľstvo politickej literatúry 1962
Subjects:

MARC

LEADER 00000nkm a2200000 a 4500
001 vtls011916501
003 SK-MaSNL
005 20260512124848.0
007 kp bo
008 240131s1962 xo g kuslo
015 |a SNBG1962 
035 |a urn:nbn:sk:snk-km00eaku 
035 |a urn:nbn:sk:snk-km43gld 
035 |a 48F9CB09-B9F5-4FCF-B007-2D205A1C716C 
040 |a SNK  |b slo  |c SNK  |e AACR2 
041 0 |a slo 
043 |a e-xo--- 
044 |a xo  |c SK 
072 7 |a 913  |x Regionálna geografia  |2 konspekt 
080 |a 913(437.6)  |2 2011 
080 |a 711.455:615.838  |2 2011 
080 |a (084.121)  |2 2011 
080 |a 614.2:[725.1:614.21]  |2 2011 
080 |a 615.838  |2 2011 
245 0 0 |a Štátne kúpele Dudince  |h grafika 
260 |a Bratislava  |b Slovenské vydavateľstvo politickej literatúry  |c 1962 
300 |a 1 pohľadnica  |b čiernobiela  |c 11 x 15 cm 
520 8 |a Zobrazenie: Pohľad na budovu kúpeľov z výšky. Na budove je nápis: "Liečebný ústav - ", zvyšok názvu cloní strom. V popredí sú tri stromy, medzi nimi a budovou je prázdna ulica. Na chodníku pred budovou je lavička, pred ňou kráčajú dve osoby. Ďalšie dve osoby sú vo vchode do budovy. Vpravo v pozadí vyčnieva spoza budovy rad hustých vysokých listnatých stromov. Vľavo za budovou vidno lúky 
650 0 7 |a kúpele  |2 SNKPH  |9 1139 
650 0 7 |a liečebne  |2 SNKPH  |9 56920 
650 0 7 |a balneológia  |2 SNKPH  |9 4393 
651 7 |a Dudince (Slovensko)  |2 SNKPHgeo  |9 28951 
655 7 |a miestne pohľadnice  |2 SNKPH  |9 70510 
852 |a Slovenská národná knižnica 
958 |a GBN 
958 |a GC 
958 |a OND 
958 |a EUIPO 
999 |c 950489  |d 952419 
952 |a SNK  |b SNK  |y PREZ  |7 0  |p 17A1379941  |o snkSP 130257  |z Pohľadnica prešla poštou.  |0 0  |1 0  |4 0  |d 2020-02-10  |f 1  |l 0  |r 2026-02-24 09:46:48  |w 2026-02-24